000 00548nam a2200193Ia 4500
005 20260415160334.0
008 008 250505s9999 xx 000 0 eng d
037 _aTextual
040 _aFEDL
_beng
_cFEDL
041 _aeng
_2eng
084 _a370.1 CUR
_qFEDL
100 _aCurry W.B.
_9755750
245 0 _aEducation for sanity
260 _aLondon, UK
_bWilliam Heinemann Limited
_c1947
300 _av,132p.
650 _aEducation-Philosophy
_921056
942 _cTEXL
_h370.1 CUR
999 _c1321833
_d1321833